| 000 | 00946nam a2200253 a 4500 | ||
|---|---|---|---|
| 001 | BRCA_6598 | ||
| 005 | 20190320205524.0 | ||
| 008 | 081010c1964----ag-af#####---#000-0#spa-# | ||
| 041 | _aspa | ||
| 044 | _aag | ||
| 050 | 4 |
_aND553 _b.P56 42 1964 |
|
| 245 | 1 | 0 |
_aGiotto _bsegunda parte _cmonografía por Juan Previtali ; traducción por Julio Gómez de la Serna ; el juicio del siglo XX, por Osvaldo Svanascini. |
| 260 |
_aArgentina _bCodex _c[1964] |
||
| 300 |
_a1 v. (sin paginación) _bil., 16 láminas a color _c36 cm. |
||
| 440 | 0 |
_aPinacoteca de los genios : la más grandiosa colección de arte del mundo _v42 _916479 |
|
| 500 | _aIncluye índice de ilustraciones | ||
| 500 | _aDonación Dra. Elsa Barberena | ||
| 600 | 1 | 4 |
_aGiotto _d1266/7-1337 _qGiotto di Bondone _916480 |
| 700 | 1 |
_aPrevitali, Juan _916481 |
|
| 700 | 1 |
_aSvanascini, Osvaldo _916482 |
|
| 700 | 1 |
_aGómez de la Serna, Julio _etr. _916483 |
|
| 902 | _aDEB | ||
| 942 |
_2lcc _cB |
||
| 999 |
_c6282 _d6282 |
||